Problemy pragmalingvističeskogo analiza emocij zavisti i revnosti v sovremennom anglijskom jazyke /

Hlavní autor: Kuprijeva, Irina Anatol‘jevna
Další autoři: Matycina, Marina Stanislavovna
Jazyk: Ruština
Angličtina
Vydáno: Brno : Tribun EU, 2016
Vydání: First edition
Edice: Librix.eu
Témata:
Fyzický popis: 93 stran ; 25 cm
Language note: Částečně anglický text
Knihy
Uloženo v:
LEADER 02167nam a2200601 i 4500
001 nkc20162792679
003 CZ PrNK
005 20160815090013.0
007 ta
008 160415s2016 xr f 000 0 ruso
015 |a cnb002792679 
020 |a 978-80-263-1028-0  |q (brožováno) 
035 |a (OCoLC)958227757 
040 |a BOA001  |b cze  |e rda 
041 0 |a rus  |a eng 
072 7 |a 811.111  |x Angličtina  |2 Konspekt  |9 11 
080 |a 811.111  |2 MRF 
080 |a 81'2/'44  |2 MRF 
080 |a 81'23  |2 MRF 
080 |a 179.8  |2 MRF 
080 |a 159.942.5  |2 MRF 
080 |a (048.8:082)  |2 MRF 
100 1 |a Kuprijeva, Irina Anatol‘jevna  |7 mzk2016911315  |4 aut 
245 1 0 |a Problemy pragmalingvističeskogo analiza emocij zavisti i revnosti v sovremennom anglijskom jazyke /  |c Kuprijeva Irina Anatol'jevna, Matycina Marina Stanislavovna 
250 |a First edition 
264 1 |a Brno :  |b Tribun EU,  |c 2016 
300 |a 93 stran ;  |c 25 cm 
336 |a text  |b txt  |2 rdacontent 
337 |a bez média  |b n  |2 rdamedia 
338 |a svazek  |b nc  |2 rdacarrier 
490 1 |a Librix.eu 
504 |a Obsahuje bibliografii 
546 |a Částečně anglický text 
650 0 7 |a angličtina  |7 ph114056  |2 czenas 
650 0 7 |a pragmatika  |7 ph124543  |2 czenas 
650 0 7 |a psycholingvistika  |7 ph124802  |2 czenas 
650 0 7 |a závist  |7 ph407300  |x jazykové aspekty  |2 czenas 
650 0 7 |a žárlivost  |7 ph128057  |x jazykové aspekty  |2 czenas 
650 0 9 |a English language  |2 eczenas 
650 0 9 |a pragmatics  |2 eczenas 
650 0 9 |a psycholinguistics  |2 eczenas 
650 0 9 |a envy  |x linguistics aspects  |2 eczenas 
650 0 9 |a jealousy  |x linguistics aspects  |2 eczenas 
655 7 |a kolektivní monografie  |7 fd501537  |2 czenas 
655 9 |a collective monographs  |2 eczenas 
700 1 |a Matycina, Marina Stanislavovna  |7 jo2016913065  |4 aut 
830 0 |a Librix.eu  |0 s 
910 2 |a BOA001  |b 2-1364.996 
990 |a BK 
995 |a 01 
991 |b 201604  |c NOV 
996 6 |b 2610668568  |c 2-1364.996  |l MZK  |r Sklad / do 1 hodiny  |n 0  |p p.v.  |w 001557273  |u 000010  |a 1  |e BOA001  |j MZK50  |s P 
996 7 |b 2610668569  |c 2-1364.996  |l MZK  |r Sklad / do 1 hodiny  |n 0  |p p.v.  |w 001557273  |u 000020  |a 1  |e BOA001  |j MZK50  |s A